| 000 | 00714nam a22002417a 4500 | ||
|---|---|---|---|
| 001 | 000511 | ||
| 003 | DO-SdBNP | ||
| 005 | 20180126145446.0 | ||
| 007 | 000511 | ||
| 008 | 160916b 1999 sp ||||| |||| 00| 0 spa d | ||
| 020 | _a8401376432 | ||
| 040 |
_aBPMSU _bspa _cBPMSU |
||
| 092 |
_axxxxx _bxxxxx |
||
| 100 | 1 | _aPatten, Chris | |
| 240 | 1 | 0 |
_aEast and West. _lEspañol |
| 245 | 1 | 0 |
_aHong Kong antes y después / _cChris Patten ; traducción de Jofre Homedes. |
| 260 |
_aBarcelona : _bPlaza & Janés : _bCírculo de Lectores, _c1999. |
||
| 300 |
_a355 p. ; _c23 cm. |
||
| 700 | 1 | 2 | _aHomedes, Jofre |
| 942 |
_2ddc _cBK |
||
| 945 | _aInventariado, 2018 / YL | ||
| 956 |
_2LOPEREZ _310 _620160916 _8BPMSU _a00041 |
||
| 999 |
_c11436 _d11436 |
||